000 00974nam a22003017a 4500
001 BR8000443
003 BR-BrBNA
005 20230928090527.0
007 ta
008 230509b bl.||||| |||| 00| 0 por d
040 _aBR-BrBNA
_bpor
_cBiblioteca Nacional de Agricultura
041 _a(Por)
072 _aE10
_b3869
_b/G514
090 _ 3869 BR8000443
100 1 _aMachado Neto, J.R.
110 1 _aUniversidade Federal de Vicosa, MG (Brasil)
_0Tese (Magister Scientiae)
245 1 _aLocalizacao de industrias de moagem de calcario agricola no Estado de Goias [Brasil]
246 1 _aLocalization of agricultural limestone milling industry in the state of Goias [Brazil]
260 3 _aVicosa, MG (Brasil):
_c1979.
300 _a110 p.
500 _a7 illus.; 32 tables; 36 ref.; Summary (Por)
650 _aMacroeconomia
650 _aCalcario
650 _aIndustria agricola
650 _aGoias
909 _a202309
_bLucia
_c55
_dLucia Elande
942 _cBK
999 _c29210
_d29210